000 00598cam a2200193 4500500
005 20260405003730.0
041 _afre
042 _adc
100 1 0 _aLarmagnac-Matheron, Octave
_eauthor
245 0 0 _aL’Échappée belle. L’art de s’évader un peu chaque jour
260 _c2023.
500 _a63
690 _aÉvasion
690 _aFuite
690 _aNorme
690 _aQuotidien
786 0 _nPhilosophie magazine | 171 | 8 | 2023-07-01 | p. 50-50 | 1951-1787
856 4 1 _uhttps://shs.cairn.info/magazine-philosophie-magazine-2023-8-page-50?lang=fr&redirect-ssocas=7080
999 _c2070304
_d2070304